| 000 | 00871nam a22002417a 4500 | ||
|---|---|---|---|
| 999 |
_c18481 _d18481 |
||
| 003 | AR-CdUCM | ||
| 008 | 190514b ||||| |||| 00| 0 spa d | ||
| 040 |
_aMUNICIPALIDAD PROVINCIAL DEL CUSCO _cBIBLIOTECA MUNICIPAL DEL CUSCO |
||
| 082 |
_24ed. _a944.081 / _bL25 |
||
| 100 |
_aLapierre, Dominique _939092 |
||
| 245 |
_a¿Arde París? Adolfo Hitler : _bHistoria de la liberacion de París |
||
| 260 |
_aMéxico : _bDiana, _c1966. |
||
| 300 |
_a383 paginas ; _bMapas, ilustraciones, _c22 cm. |
||
| 500 | _aTitulo original : Is París burning | ||
| 505 | _aContenido : La amenaza -- La batalla -- La liberación | ||
| 650 |
_aGuerra en europa _939093 |
||
| 650 |
_aAdolfo hitller _939094 |
||
| 650 |
_aParís _93089 |
||
| 700 |
_aCollins, Larry _939095 |
||
| 700 |
_aCardenas Barrios, René (Traducción) _922447 |
||
| 942 |
_2ddc _cLIBROS |
||
| 945 |
_awnts _d2019-05-14 |
||